[Event "British Chess Championships 2023: Major Open"]
[Site "The Venue, De Montfort University, 20 Western Boulevard, Leicester, LE2 7BU"]
[Date "2023.07.23"]
[Round "2"]
[Board "1"]
[White "Lewis, Andrew P"]
[Black "Raju, Sooraj Menothuparambil"]
[Result "1/2-1/2"]
[WhiteElo "2235"]
[BlackElo "1861"]
[PlyCount "0"]
[EventDate "2023.07.22"]
[EventRounds "9"]
[EventCountry "ENG"]

1. d4 {[%clk 1:30:54]} f5 {[%clk 1:30:54]} 2. g3 {[%clk 1:30:46]} Nf6 {[%clk
1:31:17]} 3. Bg2 {[%clk 1:31:02]} g6 {[%clk 1:31:40]} 4. Nf3 {[%clk 1:30:58]} Bg7
{[%clk 1:32:03]} 5. O-O {[%clk 1:31:15]} O-O {[%clk 1:32:26]} 6. c4 {[%clk
1:31:33]} d6 {[%clk 1:32:51]} 7. Nc3 {[%clk 1:31:57]} c6 {[%clk 1:33:07]} 8. d5
{[%clk 1:25:05]} e5 {[%clk 1:33:31]} 9. dxe6 {[%clk 1:24:50]} Bxe6 {[%clk
1:33:55]} 10. b3 {[%clk 1:22:28]} Na6 {[%clk 1:32:28]} 11. Nd4 {[%clk 1:17:17]}
Qe7 {[%clk 1:32:43]} 12. Bb2 {[%clk 1:14:52]} Nc5 {[%clk 1:32:59]} 13. e3 {[%clk
1:12:54]} Bf7 {[%clk 1:32:47]} 14. Qc2 {[%clk 1:11:20]} a5 {[%clk 1:32:36]} 15.
Rad1 {[%clk 1:09:52]} Nfe4 {[%clk 1:24:32]} 16. Rfe1 {[%clk 1:06:11]} a4 {[%clk
1:17:18]} 17. f3 {[%clk 0:55:40]} Nxc3 {[%clk 1:17:30]} 18. Bxc3 {[%clk 0:48:24]}
axb3 {[%clk 1:14:28]} 19. axb3 {[%clk 0:48:46]} Rfe8 {[%clk 1:10:35]} 20. b4
{[%clk 0:44:31]} Na4 {[%clk 1:07:40]} 21. Ba1 {[%clk 0:42:08]} Nb6 {[%clk
1:07:51]} 22. Bf1 {[%clk 0:36:06]} Ra3 {[%clk 1:02:40]} 23. Nxf5 {[%clk 0:28:24]}
gxf5 {[%clk 1:03:02]} 24. Bxg7 {[%clk 0:28:49]} Rxe3 {[%clk 1:03:24]} 25. Bc3
{[%clk 0:27:53]} Qe6 {[%clk 0:45:33]} 26. Qd2 {[%clk 0:23:45]} Nxc4 {[%clk
0:34:50]} 27. Qd4 {[%clk 0:22:16]} Qe5 {[%clk 0:34:08]} 28. Qxe5 {[%clk 0:14:31]}
dxe5 {[%clk 0:34:04]} 29. Rxe3 {[%clk 0:13:13]} Nxe3 {[%clk 0:34:05]} 30. Rd7
{[%clk 0:13:30]} Nd5 {[%clk 0:29:59]} 31. Be1 {[%clk 0:12:41]} Re7 {[%clk
0:29:23]} 32. Rxe7 {[%clk 0:08:34]} Nxe7 {[%clk 0:28:27]} 33. b5 {[%clk 0:09:01]}
Bd5 {[%clk 0:28:15]} 34. Bc3 {[%clk 0:08:56]} e4 {[%clk 0:26:18]} 35. fxe4 {[%clk
0:06:43]} fxe4 {[%clk 0:26:32]} 36. Kf2 {[%clk 0:06:42]} cxb5 {[%clk 0:25:42]}
37. Bxb5 {[%clk 0:05:13]} Kf7 {[%clk 0:25:51]} 38. Ke3 {[%clk 0:04:29]} Nf5+
{[%clk 0:23:34]} 39. Kf4 {[%clk 0:04:01]} Nd6 {[%clk 0:23:54]} 40. Be2 {[%clk
0:03:34]} Nc4 {[%clk 0:06:09]} 41. g4 {[%clk 0:01:27]} b5 {[%clk 0:05:30]} 42. g5
{[%clk 0:01:15]} Bc6 {[%clk 0:03:02]} 43. Bh5+ {[%clk 0:25:40]} Kg8 {[%clk
0:32:49]} 44. Bg4 {[%clk 0:21:18]} Kf7 {[%clk 0:27:43]} 45. Bf5 {[%clk 0:19:53]}
Nb6 {[%clk 0:27:08]} 46. Bd4 {[%clk 0:18:29]} Nd5+ {[%clk 0:23:51]} 47. Ke5
{[%clk 0:18:00]} e3 {[%clk 0:19:35]} 48. Bxh7 {[%clk 0:09:02]} e2 {[%clk
0:19:59]} 49. Bf2 {[%clk 0:08:52]} Ne3 {[%clk 0:19:15]} 50. Kd6 {[%clk 0:06:48]}
Bf3 {[%clk 0:16:49]} 51. Bd3 {[%clk 0:01:40]} b4 {[%clk 0:07:00]} 52. g6+ {[%clk
0:02:05]} Kg7 {[%clk 0:07:14]} 53. Be1 {[%clk 0:01:37]} Ng2 {[%clk 0:04:04]} 54.
Bxb4 {[%clk 0:01:29]} e1=Q {[%clk 0:04:21]} 55. Bxe1 {[%clk 0:01:40]} Nxe1 {[%clk
0:04:43]} 56. Bb1 {[%clk 0:01:55]} Bh5 {[%clk 0:04:53]}  1/2-1/2

[Event "British Chess Championships 2023: Major Open"]
[Site "The Venue, De Montfort University, 20 Western Boulevard, Leicester, LE2 7BU"]
[Date "2023.07.23"]
[Round "2"]
[Board "2"]
[White "Bansal, Saahil"]
[Black "Brewer, Callum D"]
[Result "1/2-1/2"]
[WhiteElo "1846"]
[BlackElo "2132"]
[PlyCount "0"]
[EventDate "2023.07.22"]
[EventRounds "9"]
[EventCountry "ENG"]

1. d4 {[%clk 1:29:48]} Nf6 {[%clk 1:30:37]} 2. c4 {[%clk 1:30:05]} e6 {[%clk
1:31:05]} 3. Nf3 {[%clk 1:30:25]} Bb4+ {[%clk 1:31:08]} 4. Bd2 {[%clk 1:30:37]}
a5 {[%clk 1:31:33]} 5. a3 {[%clk 1:29:34]} Bxd2+ {[%clk 1:32:01]} 6. Qxd2 {[%clk
1:29:57]} b6 {[%clk 1:31:05]} 7. Nc3 {[%clk 1:28:45]} Bb7 {[%clk 1:31:34]} 8. d5
{[%clk 1:25:37]} d6 {[%clk 1:25:19]} 9. e3 {[%clk 1:16:12]} Nbd7 {[%clk 1:23:45]}
10. Be2 {[%clk 1:13:03]} O-O {[%clk 1:14:15]} 11. O-O {[%clk 1:10:24]} Nc5 {[%clk
1:13:39]} 12. Rad1 {[%clk 1:07:11]} a4 {[%clk 1:13:53]} 13. Qc2 {[%clk 1:06:13]}
e5 {[%clk 1:00:07]} 14. Nd2 {[%clk 1:00:33]} Bc8 {[%clk 0:54:27]} 15. h3 {[%clk
0:53:10]} g6 {[%clk 0:49:41]} 16. f4 {[%clk 0:40:59]} exf4 {[%clk 0:50:15]} 17.
Rxf4 {[%clk 0:41:23]} Ne8 {[%clk 0:50:39]} 18. Rdf1 {[%clk 0:37:22]}  1/2-1/2

[Event "British Chess Championships 2023: Major Open"]
[Site "The Venue, De Montfort University, 20 Western Boulevard, Leicester, LE2 7BU"]
[Date "2023.07.23"]
[Round "2"]
[Board "3"]
[White "Dougherty, Michael"]
[Black "Freeman, Ashley"]
[Result "1-0"]
[WhiteElo "2110"]
[BlackElo "1846"]
[PlyCount "0"]
[EventDate "2023.07.22"]
[EventRounds "9"]
[EventCountry "ENG"]

1. d4 {[%clk 1:30:47]} f5 {[%clk 1:30:20]} 2. Bg5 {[%clk 1:30:46]} h6 {[%clk
1:30:26]} 3. Bh4 {[%clk 1:31:09]} g5 {[%clk 1:30:45]} 4. e4 {[%clk 1:30:23]} Nf6
{[%clk 1:29:27]} 5. e5 {[%clk 1:30:39]} e6 {[%clk 1:29:49]} 6. exf6 {[%clk
1:27:31]} Qxf6 {[%clk 1:30:00]} 7. Bg3 {[%clk 1:22:53]} f4 {[%clk 1:30:04]} 8.
Qh5+ {[%clk 1:22:07]} Kd8 {[%clk 1:29:41]} 9. Nf3 {[%clk 1:18:29]} Nc6 {[%clk
1:23:34]} 10. Nc3 {[%clk 1:11:10]} d5 {[%clk 1:02:29]} 11. Bb5 {[%clk 1:01:41]}
Bd7 {[%clk 1:01:45]} 12. O-O-O {[%clk 0:55:48]} Bd6 {[%clk 0:49:13]} 13. Rhe1
{[%clk 0:52:24]} a6 {[%clk 0:40:11]} 14. Bxc6 {[%clk 0:50:41]} Bxc6 {[%clk
0:36:54]} 15. Qg4 {[%clk 0:49:20]} Bd7 {[%clk 0:33:11]} 16. Ne5 {[%clk 0:48:18]}
fxg3 {[%clk 0:31:33]} 17. Nxd5 {[%clk 0:42:02]} Qg7 {[%clk 0:28:33]} 18. Nxd7
{[%clk 0:31:38]} exd5 {[%clk 0:19:47]} 19. Nc5 {[%clk 0:30:42]} Bxc5 {[%clk
0:18:00]} 20. dxc5 {[%clk 0:31:04]} c6 {[%clk 0:17:34]} 21. Qxg3 {[%clk 0:31:10]}
Re8 {[%clk 0:14:49]} 22. Qd6+ {[%clk 0:30:50]} Qd7 {[%clk 0:14:37]} 23. Rxe8+
{[%clk 0:31:11]} Kxe8 {[%clk 0:14:48]} 24. Re1+ {[%clk 0:31:38]} Kd8 {[%clk
0:14:03]} 25. Qf8+ {[%clk 0:31:52]} Kc7 {[%clk 0:14:10]} 26. Qxa8 {[%clk
0:32:13]} Qd8 {[%clk 0:13:58]}  1-0

[Event "British Chess Championships 2023: Major Open"]
[Site "The Venue, De Montfort University, 20 Western Boulevard, Leicester, LE2 7BU"]
[Date "2023.07.23"]
[Round "2"]
[Board "4"]
[White "Arora, Tashika"]
[Black "Farrand, Tom"]
[Result "1/2-1/2"]
[WhiteElo "1836"]
[BlackElo "2110"]
[PlyCount "0"]
[EventDate "2023.07.22"]
[EventRounds "9"]
[EventCountry "ENG"]

1. d4 {[%clk 1:30:59]} e6 {[%clk 1:28:41]} 2. c4 {[%clk 1:30:58]} f5 {[%clk
1:29:01]} 3. Nc3 {[%clk 1:31:07]} Nf6 {[%clk 1:29:15]} 4. g3 {[%clk 1:30:32]} Be7
{[%clk 1:28:20]} 5. Bg2 {[%clk 1:30:49]} O-O {[%clk 1:28:26]} 6. Nf3 {[%clk
1:28:04]} d6 {[%clk 1:28:47]} 7. O-O {[%clk 1:28:19]} Ne4 {[%clk 1:28:53]} 8. Qd3
{[%clk 1:26:08]} Nxc3 {[%clk 1:16:14]} 9. Qxc3 {[%clk 1:25:31]} a5 {[%clk
1:16:32]} 10. b3 {[%clk 1:24:40]} Nc6 {[%clk 1:16:45]} 11. Bb2 {[%clk 1:24:15]}
Bf6 {[%clk 1:17:09]} 12. Rfd1 {[%clk 1:20:56]} Qe8 {[%clk 1:15:25]} 13. Qd2
{[%clk 1:19:12]} e5 {[%clk 1:14:22]} 14. dxe5 {[%clk 1:12:27]} dxe5 {[%clk
1:14:47]} 15. Ne1 {[%clk 1:07:44]} e4 {[%clk 1:07:33]} 16. Bxf6 {[%clk 1:05:42]}
Rxf6 {[%clk 1:07:25]} 17. Qf4 {[%clk 1:05:11]} Qe7 {[%clk 1:03:04]} 18. Nc2
{[%clk 0:57:21]} Rf8 {[%clk 0:57:49]} 19. f3 {[%clk 0:51:50]} exf3 {[%clk
0:46:20]} 20. exf3 {[%clk 0:51:51]} Qe5 {[%clk 0:35:25]} 21. Qxe5 {[%clk
0:49:33]} Nxe5 {[%clk 0:35:52]} 22. Rd5 {[%clk 0:49:27]} Nc6 {[%clk 0:35:32]} 23.
f4 {[%clk 0:45:43]} Re8 {[%clk 0:27:43]} 24. Kf2 {[%clk 0:44:36]} a4 {[%clk
0:22:00]} 25. b4 {[%clk 0:42:28]} Be6 {[%clk 0:20:40]} 26. Rc5 {[%clk 0:42:10]}
Rad8 {[%clk 0:20:04]} 27. Bd5 {[%clk 0:39:30]} Kf8 {[%clk 0:16:35]} 28. Re1
{[%clk 0:36:21]} Bxd5 {[%clk 0:14:42]} 29. cxd5 {[%clk 0:36:00]} Rxe1 {[%clk
0:12:28]} 30. Kxe1 {[%clk 0:36:17]} Ne7 {[%clk 0:12:33]} 31. Ne3 {[%clk 0:36:27]}
Rd7 {[%clk 0:12:23]} 32. Ke2 {[%clk 0:34:07]} g6 {[%clk 0:12:33]} 33. Ra5 {[%clk
0:26:33]} b6 {[%clk 0:11:16]} 34. Rxa4 {[%clk 0:26:28]} Nxd5 {[%clk 0:10:51]} 35.
Nxd5 {[%clk 0:26:01]} Rxd5 {[%clk 0:11:13]} 36. Ra8+ {[%clk 0:26:15]} Kf7 {[%clk
0:10:30]} 37. Rc8 {[%clk 0:25:47]}  1/2-1/2

[Event "British Chess Championships 2023: Major Open"]
[Site "The Venue, De Montfort University, 20 Western Boulevard, Leicester, LE2 7BU"]
[Date "2023.07.23"]
[Round "2"]
[Board "5"]
[White "Santhosh, Abhyuday"]
[Black "Dilley, Jason M"]
[Result "0-1"]
[WhiteElo "1797"]
[BlackElo "2034"]
[PlyCount "0"]
[EventDate "2023.07.22"]
[EventRounds "9"]
[EventCountry "ENG"]

1. e4 {[%clk 1:30:34]} g6 {[%clk 1:30:51]} 2. d4 {[%clk 1:30:58]} Bg7 {[%clk
1:31:08]} 3. Nc3 {[%clk 1:31:21]} d6 {[%clk 1:31:15]} 4. Be3 {[%clk 1:31:44]} c6
{[%clk 1:30:51]} 5. a4 {[%clk 1:32:07]} a5 {[%clk 1:29:45]} 6. Qd2 {[%clk
1:32:12]} Na6 {[%clk 1:23:12]} 7. Nf3 {[%clk 1:30:08]} Nb4 {[%clk 1:17:17]} 8.
Bc4 {[%clk 1:23:20]} Nf6 {[%clk 1:11:26]} 9. Bb3 {[%clk 1:23:04]} Bg4 {[%clk
1:00:43]} 10. Ng5 {[%clk 1:17:32]} O-O {[%clk 0:50:51]} 11. f3 {[%clk 1:13:48]}
Bc8 {[%clk 0:47:55]} 12. h4 {[%clk 1:13:36]} h6 {[%clk 0:44:28]} 13. Qf2 {[%clk
1:09:33]} d5 {[%clk 0:39:26]} 14. O-O-O {[%clk 0:58:47]} e6 {[%clk 0:34:53]} 15.
e5 {[%clk 0:57:33]} Ne8 {[%clk 0:27:32]} 16. Nh3 {[%clk 0:50:55]} Qe7 {[%clk
0:17:47]} 17. Qd2 {[%clk 0:49:58]} Kh7 {[%clk 0:14:41]} 18. h5 {[%clk 0:50:10]}
Rh8 {[%clk 0:12:58]} 19. Ne2 {[%clk 0:48:13]} f5 {[%clk 0:09:49]} 20. exf6 {[%clk
0:47:29]} Qxf6 {[%clk 0:09:23]} 21. c3 {[%clk 0:47:43]} Na6 {[%clk 0:08:17]} 22.
Bc2 {[%clk 0:47:12]} Nd6 {[%clk 0:08:40]} 23. hxg6+ {[%clk 0:46:08]} Kg8 {[%clk
0:09:09]} 24. b3 {[%clk 0:45:36]} b5 {[%clk 0:09:18]} 25. Nhf4 {[%clk 0:45:50]}
bxa4 {[%clk 0:06:56]} 26. Nh5 {[%clk 0:46:00]} Qe7 {[%clk 0:07:06]} 27. Nxg7
{[%clk 0:45:23]} Nc4 {[%clk 0:06:36]} 28. Rdf1 {[%clk 0:39:35]} Nxd2 {[%clk
0:05:46]} 29. Kxd2 {[%clk 0:40:02]} axb3 {[%clk 0:05:30]} 30. Bd3 {[%clk
0:39:56]} Kxg7 {[%clk 0:04:31]} 31. Bf4 {[%clk 0:40:08]} Ra7 {[%clk 0:02:28]} 32.
Be5+ {[%clk 0:39:52]} Kg8 {[%clk 0:02:56]} 33. Nf4 {[%clk 0:37:02]} Nb4 {[%clk
0:02:50]} 34. cxb4 {[%clk 0:36:41]} Qxb4+ {[%clk 0:03:18]} 35. Ke3 {[%clk
0:37:00]} c5 {[%clk 0:03:22]} 36. Bxh8 {[%clk 0:34:34]} e5 {[%clk 0:03:18]} 37.
Bxe5 {[%clk 0:34:00]} Re7 {[%clk 0:02:58]} 38. Kf2 {[%clk 0:34:05]} Rxe5 {[%clk
0:03:01]} 39. dxe5 {[%clk 0:28:59]} Qxf4 {[%clk 0:03:24]} 40. Rd1 {[%clk
0:28:06]} c4 {[%clk 0:02:54]} 41. Bb1 {[%clk 0:28:22]} Be6 {[%clk 0:29:38]} 42.
g3 {[%clk 0:54:29]} Qf8 {[%clk 0:29:31]} 43. Rh5 {[%clk 0:52:26]} Bg4 {[%clk
0:28:35]}  0-1

[Event "British Chess Championships 2023: Major Open"]
[Site "The Venue, De Montfort University, 20 Western Boulevard, Leicester, LE2 7BU"]
[Date "2023.07.23"]
[Round "2"]
[Board "6"]
[White "Atako, Chino C"]
[Black "Rubeck, Jonathan"]
[Result "0-1"]
[WhiteElo "2009"]
[BlackElo "1760"]
[PlyCount "0"]
[EventDate "2023.07.22"]
[EventRounds "9"]
[EventCountry "ENG"]

1. d4 {[%clk 1:30:55]} Nf6 {[%clk 1:30:43]} 2. c4 {[%clk 1:31:20]} g6 {[%clk
1:31:02]} 3. Nc3 {[%clk 1:31:44]} Bg7 {[%clk 1:31:27]} 4. e4 {[%clk 1:32:07]} d6
{[%clk 1:31:45]} 5. f4 {[%clk 1:32:31]} c5 {[%clk 1:31:46]} 6. d5 {[%clk
1:32:44]} O-O {[%clk 1:31:47]} 7. Nf3 {[%clk 1:33:09]} e6 {[%clk 1:30:55]} 8.
dxe6 {[%clk 1:33:33]} Bxe6 {[%clk 1:29:41]} 9. Bd3 {[%clk 1:33:57]} Re8 {[%clk
1:25:57]} 10. O-O {[%clk 1:34:12]} Bg4 {[%clk 1:25:15]} 11. h3 {[%clk 1:28:59]}
Bxf3 {[%clk 1:25:19]} 12. Qxf3 {[%clk 1:29:26]} Nc6 {[%clk 1:25:34]} 13. Be3
{[%clk 1:28:32]} a6 {[%clk 1:24:07]} 14. Rad1 {[%clk 1:23:30]} Qc7 {[%clk
1:21:20]} 15. Qf2 {[%clk 1:12:12]} b6 {[%clk 1:19:09]} 16. Kh1 {[%clk 1:12:06]}
Re7 {[%clk 1:19:12]} 17. g4 {[%clk 1:11:18]} Rae8 {[%clk 1:18:53]} 18. g5 {[%clk
1:09:45]} Nxe4 {[%clk 1:16:41]} 19. Nxe4 {[%clk 1:10:07]} Rxe4 {[%clk 1:16:53]}
20. Bxe4 {[%clk 1:10:32]} Rxe4 {[%clk 1:17:15]} 21. b3 {[%clk 1:09:41]} Qe7
{[%clk 1:01:06]} 22. Rfe1 {[%clk 1:09:21]} Bd4 {[%clk 0:53:08]} 23. Bxd4 {[%clk
1:08:46]} Nxd4 {[%clk 0:53:12]} 24. Kg2 {[%clk 1:02:25]} Ne2 {[%clk 0:48:13]} 25.
Kh2 {[%clk 1:02:13]} Qe6 {[%clk 0:45:37]} 26. Rd3 {[%clk 0:59:30]} b5 {[%clk
0:38:25]} 27. cxb5 {[%clk 0:59:14]} axb5 {[%clk 0:38:42]} 28. Rf3 {[%clk
0:38:05]} c4 {[%clk 0:36:39]} 29. bxc4 {[%clk 0:38:31]} bxc4 {[%clk 0:36:40]} 30.
Qb6 {[%clk 0:36:58]} c3 {[%clk 0:33:10]} 31. Qd8+ {[%clk 0:28:32]} Kg7 {[%clk
0:33:19]} 32. Rb1 {[%clk 0:25:40]} Qe7 {[%clk 0:27:11]} 33. Qc8 {[%clk 0:25:39]}
Qa7 {[%clk 0:21:00]} 34. Rb7 {[%clk 0:22:29]} Qg1# {[%clk 0:20:32]}  0-1

[Event "British Chess Championships 2023: Major Open"]
[Site "The Venue, De Montfort University, 20 Western Boulevard, Leicester, LE2 7BU"]
[Date "2023.07.23"]
[Round "2"]
[Board "7"]
[White "Isik, Muhammed Oguz"]
[Black "Verma, Shlok"]
[Result "0-1"]
[WhiteElo "1701"]
[BlackElo "2000"]
[PlyCount "132"]
[EventDate "2023.07.22"]
[EventRounds "9"]
[EventCountry "ENG"]

1. d4 d5 2. c4 dxc4 3. e3 Nf6 4. Bxc4 e6 5. Nf3 a6 6. O-O b5 7. Bd3 Bb7 8. a4
b4 9. Nbd2 Nbd7 10. a5 Be7 11. Qe2 O-O 12. Nc4 c5 13. Rd1 Qc7 14. b3 Rfd8 15.
Bb2 Qb8 16. Rac1 Qa7 17. Nce5 Rac8 18. Ng5 Bd5 19. Bxa6 Bxb3 20. Bxc8 Bxd1 21.
Rxd1 Rxc8 22. dxc5 Nxe5 23. Bxe5 Qxc5 24. Qa6 Rd8 25. Rxd8+ Bxd8 26. Bxf6 gxf6
27. Ne4 Qxa5 28. Qxa5 Bxa5 29. Nd2 Bc7 30. Kf1 Kf8 31. Ke2 Ke7 32. Kd3 Be5 33.
h3 f5 34. Kc4 Bc3 35. Nf3 Kf6 36. Nd4 Ke5 37. Ne2 Be1 38. f3 Kf6 39. Nf4 Kg5
40. Ne2 Kh4 41. e4 fxe4 42. fxe4 Kg5 43. Nc1 Bd2 44. Ne2 Kf6 45. Kd3 Bc3 46.
Ng1 Ke5 47. g3 Kf6 48. Nf3 Ke7 49. g4 f6 50. Kc4 Kf7 51. Kd3 Kg6 52. Kc4 h6 53.
Kd3 Kf7 54. Kc4 Ke7 55. Kd3 Kd6 56. Kc4 Kc6 57. h4 Kd6 58. g5 fxg5 59. e5+ Bxe5
60. hxg5 hxg5 61. Nxg5 Bc3 62. Nf7+ Ke7 63. Ng5 Kf6 64. Nf3 Kf5 65. Kd3 e5 66.
Ke3 b3  0-1

[Event "British Chess Championships 2023: Major Open"]
[Site "The Venue, De Montfort University, 20 Western Boulevard, Leicester, LE2 7BU"]
[Date "2023.07.23"]
[Round "2"]
[Board "9"]
[White "Lishoy Gengis Paratazham, Dildarav"]
[Black "Sanger, Jake M"]
[Result "0-1"]
[WhiteElo "1618"]
[BlackElo "1933"]
[PlyCount "76"]
[EventDate "2023.07.22"]
[EventRounds "9"]
[EventCountry "ENG"]

1. e4 c5 2. d3 Nc6 3. g3 g6 4. Bg2 Bg7 5. f4 d6 6. Nf3 Nf6 7. O-O Rb8 8. c3 O-O
9. h3 b5 10. Bd2 a5 11. a3 b4 12. axb4 axb4 13. Qc2 Qb6 14. Be3 Nd7 15. Bc1 Ba6
16. Ne1 bxc3 17. bxc3 c4+ 18. Kh1 cxd3 19. Nxd3 Rfc8 20. Rd1 Nd4 21. Qf2 Qb3
22. Rd2 Bxd3 23. cxd4 Rxc1+ 24. Kh2 Rxb1 25. Rxb1 Qxb1 26. Qe3 Bf1 27. Qa3 Bxg2
28. Rxg2 Bxd4 29. Qa4 Qxe4 30. Qxd7 Rb2 31. Rxb2 Bxb2 32. Qd8+ Kg7 33. Qb6 Bd4
34. Qb5 Qe1 35. h4 Qg1+ 36. Kh3 Qh1+ 37. Kg4 h5+ 38. Kg5 f6#  0-1

[Event "British Chess Championships 2023: Major Open"]
[Site "The Venue, De Montfort University, 20 Western Boulevard, Leicester, LE2 7BU"]
[Date "2023.07.23"]
[Round "2"]
[Board "10"]
[White "Dicen, Elis Denele"]
[Black "Pattni, Kishan"]
[Result "1-0"]
[WhiteElo "1925"]
[BlackElo "1593"]
[PlyCount "93"]
[EventDate "2023.07.22"]
[EventRounds "9"]
[EventCountry "ENG"]

1. d4 Nf6 2. c4 e5 3. dxe5 Ng4 4. Nf3 Nc6 5. e3 Bb4+ 6. Bd2 Qe7 7. Nc3 Bxc3 8.
Bxc3 O-O 9. h3 Ngxe5 10. Nxe5 Nxe5 11. Qd4 f6 12. O-O-O d6 13. Be2 Be6 14. f4
c5 15. Qxd6 Qxd6 16. Rxd6 Bxc4 17. fxe5 Bxe2 18. Re1 Bb5 19. exf6 gxf6 20. Bxf6
Rae8 21. e4 Kf7 22. e5 Re6 23. Rd2 Rc8 24. Re3 Rg8 25. g4 h6 26. Rg3 Ra6 27. a3
Ke6 28. Rc3 Rc6 29. Kd1 Rgc8 30. Ke1 R8c7 31. Kf2 Rd7 32. Rxd7 Kxd7 33. Kg3 Bf1
34. Rc1 Bd3 35. Rd1 c4 36. Kh4 Rb6 37. Rd2 Ke6 38. Kh5 Rb3 39. Kxh6 b5 40. g5
Kf7 41. h4 b4 42. axb4 Rxb4 43. h5 Rb7 44. g6+ Kg8 45. e6 Rb8 46. e7 Re8 47.
Rf2  1-0

[Event "British Chess Championships 2023: Major Open"]
[Site "The Venue, De Montfort University, 20 Western Boulevard, Leicester, LE2 7BU"]
[Date "2023.07.23"]
[Round "2"]
[Board "11"]
[White "Pang, Ethan"]
[Black "Rathbone-Jones, Ifan"]
[Result "0-1"]
[WhiteElo "1553"]
[BlackElo "1925"]
[PlyCount "114"]
[EventDate "2023.07.22"]
[EventRounds "9"]
[EventCountry "ENG"]

1. d4 d5 2. c4 e6 3. Nc3 Nf6 4. cxd5 exd5 5. Bg5 Be7 6. e3 Nbd7 7. Bd3 c6 8.
Nge2 Nf8 9. Qc2 h6 10. Bh4 Ne6 11. Rd1 O-O 12. O-O b6 13. f3 Bb7 14. Bf2 c5 15.
dxc5 bxc5 16. Bc4 Bd6 17. Nxd5 Bxd5 18. Bxd5 Nxd5 19. Qd2 Qb8 20. Qxd5 Bxh2+
21. Kh1 Qxb2 22. Rd2 Qb4 23. Be1 Rad8 24. Qb3 Qxb3 25. axb3 Be5 26. f4 Bf6 27.
Ng3 Rb8 28. Ne4 Be7 29. Rd7 Rfe8 30. f5 Nf8 31. Rxa7 Rxb3 32. f6 gxf6 33. Nxf6+
Bxf6 34. Rxf6 Rb1 35. Rfxf7 Rxe1+ 36. Kh2 R1xe3 37. Rab7 Rc8 38. Kg1 c4 39. Kf2
Re6 40. Rfc7 Rc6 41. Rxc8 Rxc8 42. Ke2 Ne6 43. Rd7 c3 44. Rd1 Nf4+ 45. Ke3
Nxg2+ 46. Kf3 c2 47. Rc1 Nh4+ 48. Kg4 Rc4+ 49. Kg3 Nf5+ 50. Kf2 Nd4 51. Ke1 Nb3
52. Rxc2 Rxc2 53. Kd1 Rd2+ 54. Ke1 Kf7 55. Kf1 Kf6 56. Kg1 Kf5 57. Kf1 Kf4  0-1

[Event "British Chess Championships 2023: Major Open"]
[Site "The Venue, De Montfort University, 20 Western Boulevard, Leicester, LE2 7BU"]
[Date "2023.07.23"]
[Round "2"]
[Board "12"]
[White "Rice, Chris B"]
[Black "Bennett, Max"]
[Result "0-1"]
[WhiteElo "1892"]
[BlackElo "1583"]
[PlyCount "36"]
[EventDate "2023.07.22"]
[EventRounds "9"]
[EventCountry "ENG"]

1. d4 e6 2. Nf3 f5 3. e3 Nf6 4. Be2 b6 5. O-O Bb7 6. c4 Be7 7. Nc3 O-O 8. b3
Qe8 9. Bb2 d6 10. Ng5 Qg6 11. Bf3 Ne4 12. Ngxe4 fxe4 13. Bg4 Rf3 14. Bxf3 exf3
15. g3 Nd7 16. h3 Nf6 17. Kh2 Ng4+ 18. Kg1 Qh5  0-1

[Event "British Chess Championships 2023: Major Open"]
[Site "The Venue, De Montfort University, 20 Western Boulevard, Leicester, LE2 7BU"]
[Date "2023.07.23"]
[Round "2"]
[Board "14"]
[White "Subramanian, Anusha"]
[Black "Nelson, Jonathan P"]
[Result "1/2-1/2"]
[WhiteElo "1818"]
[BlackElo "2175"]
[PlyCount "55"]
[EventDate "2023.07.22"]
[EventRounds "9"]
[EventCountry "ENG"]

1. b3 e5 2. Bb2 d6 3. g3 Nf6 4. c4 Be7 5. Bg2 O-O 6. e3 c6 7. Ne2 Re8 8. O-O
Na6 9. d3 Bf8 10. a3 d5 11. b4 Bf5 12. Nbc3 Nc7 13. Re1 Qd7 14. e4 Bh3 15. Qc2
Bxg2 16. Kxg2 d4 17. Nd1 a5 18. Qb3 axb4 19. axb4 Rxa1 20. Bxa1 Na6 21. c5 Qe6
22. Qa4 Ra8 23. Nb2 Nc7 24. Qd1 Ra2 25. Qb1 Nb5 26. Nc4 Ra6 27. f3 h5 28. Bb2
 1/2-1/2

[Event "British Chess Championships 2023: Major Open"]
[Site "The Venue, De Montfort University, 20 Western Boulevard, Leicester, LE2 7BU"]
[Date "2023.07.23"]
[Round "2"]
[Board "15"]
[White "Verma, Aditya"]
[Black "Bedi, Adam"]
[Result "1/2-1/2"]
[WhiteElo "2138"]
[BlackElo "1791"]
[PlyCount "147"]
[EventDate "2023.07.22"]
[EventRounds "9"]
[EventCountry "ENG"]

1. e4 c5 2. Nf3 e6 3. d4 cxd4 4. Nxd4 a6 5. Nc3 Qc7 6. g3 Bb4 7. Nde2 Be7 8.
Bg2 Nf6 9. O-O Nc6 10. Bf4 d6 11. Qd2 b5 12. a4 b4 13. Na2 a5 14. c3 e5 15. Bg5
Rb8 16. Rfd1 Be6 17. cxb4 axb4 18. Nac1 Na5 19. Bxf6 Bxf6 20. Qxd6 Qxd6 21.
Rxd6 Nc4 22. Ra6 Nxb2 23. Rb1 Nc4 24. Nd3 b3 25. Nc3 Na3 26. Rd1 Bc4 27. Nb5
Nxb5 28. axb5 Bxb5 29. Raa1 Bxd3 30. Rxd3 b2 31. Rb1 Bg5 32. f4 exf4 33. h4 Bh6
34. g4 f3 35. g5 Bxg5 36. hxg5 fxg2 37. Rd2 h5 38. Rdxb2 Rxb2 39. Rxb2 Ke7 40.
Kxg2 Rd8 41. Kg3 Ke6 42. Kf4 Rd7 43. Rb6+ Rd6 44. Rb1 g6 45. Ra1 Ke7 46. Ke5
Rb6 47. Ra8 Rb5+ 48. Kf4 Rc5 49. Rb8 Rc6 50. Ke5 Re6+ 51. Kf4 Rd6 52. Ke5 Rd8
53. Rb1 Kf8 54. Ra1 Kg7 55. Kf4 Rd2 56. Kf3 Rh2 57. Kg3 Rc2 58. Kf3 Rc3+ 59.
Kf4 Rc8 60. Ke5 Rc2 61. Kf4 Rg2 62. Ra5 Rg4+ 63. Kf3 Kf8 64. Ra8+ Ke7 65. Ra7+
Ke6 66. Ra5 Rg1 67. Kf2 Rc1 68. Kf3 Rc4 69. Ra6+ Ke7 70. Ra7+ Ke6 71. Ra6+ Ke5
72. Ra5+ Ke6 73. Kf4 Rc8 74. Rd5  1/2-1/2

[Event "British Chess Championships 2023: Major Open"]
[Site "The Venue, De Montfort University, 20 Western Boulevard, Leicester, LE2 7BU"]
[Date "2023.07.23"]
[Round "2"]
[Board "16"]
[White "Garnett, John S"]
[Black "Sedykh, Mikhail"]
[Result "0-1"]
[WhiteElo "1831"]
[BlackElo "2084"]
[PlyCount "118"]
[EventDate "2023.07.22"]
[EventRounds "9"]
[EventCountry "ENG"]

1. c4 e6 2. g3 d5 3. Bg2 Nf6 4. Nf3 d4 5. d3 Be7 6. O-O Nc6 7. e3 O-O 8. exd4
Nxd4 9. Nc3 Nxf3+ 10. Qxf3 e5 11. Re1 Bd6 12. Bg5 c6 13. Bxf6 Qxf6 14. Qxf6
gxf6 15. Rad1 Bg4 16. Rd2 Be6 17. a3 Rfd8 18. b4 a5 19. c5 Be7 20. Red1 axb4
21. axb4 Ra3 22. Rc1 Rb3 23. b5 cxb5 24. Bxb7 Bxc5 25. Ne4 Bb4 26. Rdc2 Kg7 27.
Ba6 Rbxd3 28. Bxb5 Rd1+ 29. Rxd1 Rxd1+ 30. Kg2 f5 31. Be2 Re1 32. Ng5 Bd5+ 33.
f3 h6 34. Nh3 Ra1 35. Nf2 Ra3 36. Nd3 Bc3 37. h3 Bd4 38. Nb4 Bb3 39. Rc7 Ra1
40. Bc4 Bxc4 41. Rxc4 Rg1+ 42. Kh2 Rf1 43. f4 Rf2+ 44. Kh1 f6 45. Rc7+ Kf8 46.
fxe5 fxe5 47. Rh7 e4 48. Rxh6 e3 49. Nd3 e2 50. Re6 Rf3 51. Rxe2 Rxd3 52. Kg2
Kf7 53. Ra2 Be5 54. g4 f4 55. Ra5 Ke6 56. Ra6+ Kd5 57. Ra5+ Ke4 58. Ra4+ Bd4
59. Ra6 f3+  0-1